00278nam a22000977a 4500003000400000082001900004100003800023245004900061260006200110300000800172SGT a891.4309bS88S aसिंह, शुकदेव  aश्रीमठ स्मारिका  bश्रीमठ रामानंद पीठ c1988 a282